[Event "London"]
[Site "?"]
[Date "1991.??.??"]
[Round "?"]
[White "Shirov, A."]
[Black "Speelman, J."]
[Result "1-0"]
[WhiteElo "2610"]
[BlackElo "2630"]
[PlyCount "119"]
[EventDate "1991.??.??"]
[Source "ChessBase"]
[SourceDate "1991.06.01"]

1. d4 d6 2. e4 Nf6 3. Bd3 e5 4. c3 Nc6 5. Nf3 Be7 6. d5 Nb8 7. c4 O-O 8. Nc3 Nbd7 9. Bc2 Nh5 10. h3 c6 11. Nxe5 Nxe5 12. Qxh5 Nxc4 13. O-O Re8 14. Rd1 Bf6 15. Qe2 Nb6 16. dxc6 bxc6 17. Qd3 g6 18. Qxd6 Qxd6 19. Rxd6 Be5 20. Rd1 f5 21. Bb3+ Be6 22. exf5 gxf5 23. Be3 Nc4 24. Bxc4 Bxc4 25. Bd4 Bc7 26. b3 Bf7 27. Kf1 f4 28. f3 Bg6 29. Rac1 Re7 30. Bc5 Re6 31. Rd7 Be5 32. Re1 Bf5 33. Na4 Ree8 34. Rxa7 Bd3+ 35. Kf2 Rad8 36. Nb6 Bf6 37. Rxe8+ Rxe8 38. Ra8 Bd8 39. Kg1 Kf7 40. Ra7+ Kg6 41. Bf2 Re1+ 42. Bxe1 Bxb6+ 43. Bf2 Bxa7 44. Bxa7 Kf5 45. Bc5 Bb1 46. a4 Bc2 47. a5 Bd3 48. Bd6 h5 49. h4 Bb5 50. Kf2 Ba6 51. b4 Bb5 52. g3 fxg3+ 53. Bxg3 Ke6 54. Ke3 Kd5 55. Kf4 c5 56. bxc5 Kxc5 57. Kg5 Be2 58. f4 Kd6 59. f5+ Ke7 60. f6+ 1-0

[Event "LXVI Campionato georgiano"]
[Site "Tbilisi GEO"]
[Date "2007.03.22"]
[Round "8"]
[White "Kacheishvili, G."]
[Black "Gelashvili, T."]
[Result "0-1"]
[WhiteElo "2587"]
[BlackElo "2612"]
[PlyCount "98"]
[EventDate "2007.03.14"]
[Source "www.chesslib.no"]
[SourceDate "2004.05.04"]

1. d4 d6 2. e4 Nf6 3. Bd3 e5 4. c3 Nc6 5. Nf3 Bg4 6. d5 Nb8 7. c4 Be7 8. h3 Bh5 9. Nc3 Nbd7 10. Be3 h6 11. g4 Bg6 12. Qb1 a5 13. Ne2 b6 14. Ng3 Nc5 15. Bc2 Qc8 16. Nh4 Nxd5 17. exd5 Bxc2 18. Qxc2 Bxh4 19. Nf5 Bf6 20. O-O-O Qd7 21. h4 e4 22. Kb1 Nd3 23. Rxd3 exd3 24. Qxd3 O-O-O 25. c5 bxc5 26. Qa6+ Kb8 27. Rh3 a4 28. Bc1 Rhe8 29. Ne3 Rxe3 30. Rxe3 Re8 31. Ra3 Re4 32. f3 Rb4 33. h5 Qe8 34. b3 Qe5 35. Rxa4 Rxa4 36. Qxa4 Qa1+ 37. Kc2 Qc3+ 38. Kd1 Qxf3+ 39. Kc2 Qc3+ 40. Kd1 Qf3+ 41. Kc2 Qe2+ 42. Bd2 Bg5 43. Qa5 g6 44. Kc1 Bxd2+ 45. Qxd2 Qxd2+ 46. Kxd2 gxh5 47. gxh5 c6 48. dxc6 Kc7 49. Ke3 Kxc6 0-1

[Event "Petrov mem"]
[Site "St Petersburg"]
[Date "1996.??.??"]
[Round "7"]
[White "Rublevsky, Sergei"]
[Black "Ibragimov, Ildar"]
[Result "1-0"]
[WhiteElo "2610"]
[BlackElo "2575"]
[PlyCount "77"]
[EventDate "1996.02.??"]
[Source "ChessBase"]

1. e4 d6 2. d4 Nf6 3. Bd3 e5 4. c3 Nc6 5. Nf3 Bg4 6. d5 Nb8 7. c4 Be7 8. Nc3 O-O 9. h3 Bxf3 10. Qxf3 Na6 11. O-O Ne8 12. a3 c5 13. b3 Bg5 14. Bb2 g6 15. g3 Nb8 16. h4 Bh6 17. h5 Nd7 18. Kg2 Ng7 19. hxg6 fxg6 20. Qg4 Bg5 21. Ne2 h5 22. Qh3 Qe7 23. Ng1 Bh6 24. Nf3 Rf6 25. Nh4 Raf8 26. Rae1 Bg5 27. f4 exf4 28. Bxf6 Rxf6 29. e5 dxe5 30. Nxg6 Qd6 31. gxf4 Bxf4 32. Kh1 Nf8 33. Nxf4 exf4 34. Rg1 f3 35. Ref1 Qe5 36. Rxf3 Rxf3 37. Qxf3 Nd7 38. Rf1 Qe7 39. Qe4 1-0

[Event "CADAP"]
[Site "?"]
[Date "2001.03.31"]
[Round "?"]
[White "Plomp Michiel P.(NED)"]
[Black "Toro Solis de Ovando Guillerm"]
[Result "1/2-1/2"]
[WhiteElo "2544"]
[BlackElo "2588"]
[PlyCount "53"]
[EventDate "2001.??.??"]
[Source "www.chesslib.no"]
[SourceDate "2004.05.04"]

1. e4 e5 2. Nf3 Nf6 3. d3 Nc6 4. g3 d5 5. Nbd2 Bc5 6. Bg2 O-O 7. exd5 Nxd5 8. O-O Nf6 9. a3 a5 10. Nc4 Re8 11. Be3 Bxe3 12. Nxe3 Be6 13. Ng5 Bd7 14. c3 h6 15. Ne4 Nxe4 16. Bxe4 Bh3 17. Re1 Be6 18. Qa4 Bd7 19. Qb3 Ra7 20. a4 Be6 21. Nc4 f6 22. Qb5 Bd7 23. Qc5 b6 24. Qe3 Ne7 25. d4 exd4 26. Qxd4 Be6 27. Bh7+ 1/2-1/2

[Event "NED"]
[Site "?"]
[Date "1996.??.??"]
[Round "?"]
[White "Adib Hugo Santiago"]
[Black "Korzubov Peter"]
[Result "1-0"]
[WhiteElo "2690"]
[BlackElo "2440"]
[PlyCount "119"]
[EventDate "1996.??.??"]
[Source "www.chesslib.no"]
[SourceDate "2004.05.04"]

1. e4 e6 2. d3 Nc6 3. Nf3 e5 4. Nc3 Nf6 5. g3 Bc5 6. Bg2 d6 7. O-O a6 8. Be3 Bg4 9. h3 Bxe3 10. fxe3 Bxf3 11. Rxf3 Ne7 12. Qe2 c6 13. Raf1 h6 14. d4 O-O 15. Rxf6 gxf6 16. Nd1 Kh8 17. Qh5 Ng8 18. Nf2 Qe7 19. Ng4 Kg7 20. Rxf6 Qxf6 21. Nxf6 Nxf6 22. Qf5 Rae8 23. g4 Re7 24. d5 Rc7 25. c3 Nh7 26. Kh2 c5 27. h4 Rg8 28. Bh3 Kh8 29. Qh5 Kg7 30. g5 hxg5 31. hxg5 Rd8 32. Qh6+ Kg8 33. Bf5 Nf8 34. Qf6 Rdd7 35. Kg3 Nh7 36. Bxh7+ Kxh7 37. Kg4 b5 38. Qh6+ Kg8 39. Kf5 f6 40. g6 Re7 41. Kxf6 Rcd7 42. Qh5 Rg7 43. Qf5 Rge7 44. Kg5 Rg7 45. Qe6+ Kf8 46. Qf6+ Kg8 47. Kh6 Rge7 48. c4 b4 49. Qf3 Rb7 50. Qd1 Rb8 51. Qa4 Rb6 52. b3 Kf8 53. a3 bxa3 54. Qxa3 Ra7 55. Qa1 Kg8 56. Qf1 Rbb7 57. Qf6 Rd7 58. b4 cxb4 59. c5 dxc5 60. Qe6+ 1-0

[Event "Belgrade YUG"]
[Site "Belgrade SCG"]
[Date "1996.??.??"]
[Round "5"]
[White "Popovic, Petar"]
[Black "Ilincic, Zlatko"]
[Result "1/2-1/2"]
[WhiteElo "2570"]
[BlackElo "2555"]
[PlyCount "24"]
[EventDate "1996.??.??"]
[Source "www.chesslib.no"]
[SourceDate "2004.05.04"]

1. e4 e5 2. Nf3 Nc6 3. a3 a6 4. h3 Nf6 5. Bxa6 Ng8 6. d4 b5 7. a4 Bb7 8. b3 Qc8 9. Kf1 Nb4 10. Bg5 f5 11. g3 Qd8 12. Bh4 Qxh4 1/2-1/2

[Event "Capablanca mem Elite"]
[Site "Havana"]
[Date "1999.05.08"]
[Round "2"]
[White "Slobodjan, Roman"]
[Black "Baburin, Alexander"]
[Result "1/2-1/2"]
[WhiteElo "2536"]
[BlackElo "2586"]
[PlyCount "70"]
[EventDate "1999.05.??"]
[Source "ChessBase"]
[SourceDate "1999.08.01"]

1. e4 Nf6 2. d3 e5 3. Nf3 Nc6 4. Nc3 d5 5. exd5 Nxd5 6. g3 Nd4 7. Nxd4 exd4 8. Ne2 Bb4+ 9. Bd2 O-O 10. Bg2 Bg4 11. O-O Re8 12. Re1 Bc5 13. h3 Be6 14. Nf4 Nxf4 15. Bxf4 c6 16. Qh5 Bf8 17. Re4 g6 18. Qe2 Bg7 19. Re1 Qb6 20. b3 Qc5 21. a4 h5 22. Qd2 Bd7 23. h4 Rxe4 24. Rxe4 Re8 25. Rxe8+ Bxe8 26. Bh3 f5 27. Bg2 Bf7 28. Kf1 a6 29. Bf3 Bd5 30. Bxd5+ cxd5 31. Qe2 Kf7 32. Bg5 Qd6 33. Qe1 Qe5 34. Qe2 Qd6 35. Qe1 Qc5 1/2-1/2

[Event "Minsk op"]
[Site "?"]
[Date "1996.??.??"]
[Round "3"]
[White "Lomako Pavel"]
[Black "Zayac Elena"]
[Result "1/2-1/2"]
[WhiteElo "2560"]
[BlackElo "2560"]
[PlyCount "99"]
[EventDate "1996.??.??"]
[Source "www.chesslib.no"]
[SourceDate "2004.05.04"]

1. e4 e5 2. Nf3 Nc6 3. d3 d6 4. g3 g6 5. Bg2 Bg7 6. Be3 Nge7 7. Nc3 f5 8. Qd2 h6 9. h4 Be6 10. h5 g5 11. Nxg5 hxg5 12. Bxg5 Qd7 13. exf5 Bxf5 14. h6 Bf8 15. Ne4 Ng8 16. Nf6+ Nxf6 17. Bxf6 Rh7 18. Qg5 Qe6 19. g4 Be7 20. Bxe7 Nxe7 21. gxf5 Qxf5 22. Qxf5 Nxf5 23. Bxb7 Rb8 24. Be4 Rxh6 25. O-O-O Nh4 26. Rdg1 Kf7 27. Rg4 Rbh8 28. Rhg1 Ke6 29. c4 Rf8 30. Rg7 Rxf2 31. Rxc7 Nf3 32. Bd5+ Kf5 33. Rf7+ Rf6 34. Be4+ Ke6 35. Rxf6+ Kxf6 36. Rg6+ Kf7 37. Rxd6 Rf1+ 38. Kc2 Nd4+ 39. Kc3 a5 40. Rxd4 exd4+ 41. Kxd4 Ke7 42. Kc5 Rf2 43. Bc6 Rxb2 44. a4 Kd8 45. d4 Ke7 46. d5 Rd2 47. Kb5 Rb2+ 48. Kxa5 Kd6 49. Bb5 Kc5 50. Ka6 1/2-1/2

[Event "AUT-chT 9495"]
[Site "Austria"]
[Date "1995.??.??"]
[Round "?"]
[White "Chernin, Alexander"]
[Black "Jansa, Vlastimil"]
[Result "1-0"]
[WhiteElo "2615"]
[BlackElo "2500"]
[PlyCount "43"]
[EventDate "1994.??.??"]
[Source "ChessBase"]

1. d4 d6 2. e4 Nf6 3. Bd3 e5 4. c3 Nc6 5. Nf3 Bg4 6. d5 Nb8 7. Nbd2 g6 8. h3 Bc8 9. c4 Nbd7 10. Bc2 Bg7 11. a3 O-O 12. O-O Ne8 13. b4 f5 14. Bb2 Qe7 15. Re1 f4 16. c5 dxc5 17. bxc5 Nxc5 18. Nc4 Nd7 19. Bd3 Nc5 20. Bf1 Nd6 21. Nxd6 cxd6 22. Bb5 1-0

[Event "Elista ol (Men)"]
[Site "Elista"]
[Date "1998.10.03"]
[Round "5"]
[White "Strikovic, Aleksa"]
[Black "Rytshagov, Mikhail"]
[Result "1/2-1/2"]
[WhiteElo "2550"]
[BlackElo "2565"]
[PlyCount "59"]
[EventDate "1998.09.29"]
[Source "ChessBase"]
[SourceDate "1998.11.06"]

1. e4 e5 2. Nf3 Nf6 3. d3 Nc6 4. c3 d5 5. Qc2 a5 6. a4 h6 7. Be2 Bc5 8. O-O O-O 9. Na3 Be6 10. Nb5 Qe7 11. d4 exd4 12. e5 Ne4 13. Nbxd4 Bg4 14. Nxc6 bxc6 15. Nd4 Bxe2 16. Qxe2 Qxe5 17. Nxc6 Qf6 18. Nd4 Bxd4 19. cxd4 Qxd4 20. Rd1 Qc5 21. Be3 Qd6 22. Rac1 Rfb8 23. f3 Nf6 24. Qd2 Rb7 25. Bd4 Nd7 26. Qc3 c5 27. Bxc5 Nxc5 28. Qxc5 Qxc5+ 29. Rxc5 Rxb2 30. Rcxd5 1/2-1/2

[Event "III Campionato Ue"]
[Site "Arvier ITA"]
[Date "2007.06.24"]
[Round "10.2"]
[White "Godena, Michele"]
[Black "Sulava, Nenad"]
[Result "1/2-1/2"]
[WhiteElo "2558"]
[BlackElo "2549"]
[PlyCount "62"]
[EventDate "2007.06.15"]
[Source "www.chesslib.no"]
[SourceDate "2004.05.04"]

1. e4 d6 2. d4 Nf6 3. Bd3 e5 4. Nf3 Nc6 5. c3 Bg4 6. dxe5 Nxe5 7. Be2 Bxf3 8. Bxf3 g6 9. O-O Bg7 10. Be2 O-O 11. Qc2 Re8 12. Bf4 Ned7 13. Nd2 Nc5 14. Bf3 Nfd7 15. Rfe1 h5 16. Be3 Qf6 17. Rad1 Ne5 18. Be2 Ne6 19. Nf3 Nxf3+ 20. Bxf3 Ng5 21. Bxg5 Qxg5 22. e5 Rxe5 23. Rxe5 Bxe5 24. Bxb7 Rb8 25. Bd5 Kg7 26. g3 h4 27. Qd2 Qh5 28. Re1 hxg3 29. hxg3 Rh8 30. Qd3 a5 31. Qf3 Qh2+ 1/2-1/2

[Event "Capablanca mem-A"]
[Site "CUB"]
[Date "1994.??.??"]
[Round "4"]
[White "Hoffman, Alejandro"]
[Black "Nogueiras, Jesus"]
[Result "1/2-1/2"]
[WhiteElo "2540"]
[BlackElo "2550"]
[PlyCount "76"]
[EventDate "1994.??.??"]
[Source "ChessBase"]

1. e4 d6 2. d4 Nf6 3. Bd3 e5 4. c3 Nc6 5. Nf3 Bg4 6. d5 Ne7 7. h3 Bd7 8. c4 Ng6 9. Nc3 Be7 10. h4 h5 11. g3 c6 12. Ng5 a6 13. a4 a5 14. Qb3 O-O 15. Bd2 Qb8 16. Be2 Bd8 17. O-O-O Ng4 18. Rdf1 Qa7 19. Bxg4 Bxg4 20. Be3 Qa6 21. f3 Bd7 22. dxc6 bxc6 23. Rd1 Be6 24. Nxe6 fxe6 25. Rxd6 Rxf3 26. Qd1 Be7 27. Qxf3 Bxd6 28. c5 Be7 29. Qxh5 Nf8 30. Qg4 Qa7 31. h5 Bxc5 32. Bxc5 Qxc5 33. Qg5 Ra7 34. h6 Rf7 35. Rd1 g6 36. h7+ Rxh7 37. Rd8 Rh1+ 38. Kc2 Rh2+ 1/2-1/2

[Event "I Open internazionale"]
[Site "Gurgon IND"]
[Date "2009.01.25"]
[Round "6"]
[White "Areshchenko, A."]
[Black "Saptarshi, R."]
[Result "1-0"]
[WhiteElo "2673"]
[BlackElo "2410"]
[PlyCount "70"]
[EventDate "2009.01.21"]
[Source "www.chesslib.no"]
[SourceDate "2004.05.04"]

1. e4 e5 2. Nf3 Nf6 3. d3 Nc6 4. Nbd2 d5 5. c3 h6 6. Be2 Be6 7. O-O g5 8. Qa4 Nd7 9. d4 Nb6 10. Qc2 exd4 11. Bb5 d3 12. Qxd3 Bg7 13. Nd4 Bd7 14. Bxc6 bxc6 15. exd5 cxd5 16. Re1+ Kf8 17. N2b3 Bf6 18. Nc5 Bc8 19. b3 Kg7 20. a4 a5 21. Ba3 Bxd4 22. Qxd4+ Qf6 23. Re5 Kh7 24. Qd3+ Kg7 25. Rae1 Nd7 26. Re7 Nf8 27. Rxc7 Be6 28. Bb2 Re8 29. Qd2 Qd8 30. c4+ Kg8 31. Qxa5 Rh7 32. cxd5 Bxd5 33. Rxe8 Qxe8 34. Qd2 Qb8 35. Rd7 Bxb3 1-0

[Event "Vidmar mem"]
[Site "Ljubljana/Portoroz"]
[Date "1989.??.??"]
[Round "?"]
[White "Todorcevic, Miodrag"]
[Black "Kovacevic, Vlatko"]
[Result "0-1"]
[WhiteElo "2535"]
[BlackElo "2545"]
[PlyCount "30"]
[EventDate "1989.06.??"]
[Source "ChessBase"]

1. e4 Nf6 2. d3 d5 3. Nd2 e5 4. Ngf3 Nc6 5. g3 Bc5 6. Bg2 dxe4 7. dxe4 O-O 8. O-O a5 9. a4 Qe7 10. c3 Rd8 11. Nh4 g6 12. h3 b6 13. Re1 Rd3 14. Nhf3 Bxf2+ 15. Kxf2 Qc5+ 0-1

[Event "Alushta"]
[Site "Alushta"]
[Date "1999.03.05"]
[Round "3"]
[White "Svetushkin, Dmitry"]
[Black "Miles, Anthony J"]
[Result "0-1"]
[WhiteElo "2471"]
[BlackElo "2609"]
[PlyCount "76"]
[EventDate "1999.03.03"]
[Source "ChessBase"]
[SourceDate "1999.06.08"]

1. e4 Nf6 2. d3 e5 3. Nf3 Nc6 4. c3 d5 5. Nbd2 a5 6. Be2 Bc5 7. O-O O-O 8. a4 Re8 9. exd5 Nxd5 10. Ne4 Bf8 11. Re1 h6 12. Qb3 Be6 13. Qxb7 Nb6 14. Qxc6 Bd5 15. Qxe8 Qxe8 16. Bd1 c5 17. c4 Bc6 18. Nc3 f6 19. b3 Qd8 20. Be2 g5 21. Nd2 Nc8 22. Bb2 Ne7 23. Nde4 Nf5 24. Nd5 Be7 25. Bg4 Ng7 26. Bf3 g4 27. Nxe7+ Qxe7 28. Be2 h5 29. Bd1 Ne6 30. g3 Rd8 31. f4 Rxd3 32. Nf2 Rd8 33. fxe5 f5 34. Bc1 Ba8 35. Ra2 Qb7 36. Kf1 Qg2+ 37. Ke2 Bf3+ 38. Ke3 Bxd1 0-1

[Event "XXIV ECC"]
[Site "Kallithea GRE"]
[Date "2008.10.21"]
[Round "5"]
[White "Godena, M."]
[Black "Andriasian, Z."]
[Result "1/2-1/2"]
[WhiteElo "2517"]
[BlackElo "2561"]
[PlyCount "58"]
[EventDate "2008.10.17"]
[Source "www.chesslib.no"]
[SourceDate "2004.05.04"]

1. e4 d6 2. d4 Nf6 3. Bd3 e5 4. Nf3 Nc6 5. c3 g6 6. O-O Bg7 7. h3 O-O 8. Re1 Re8 9. Na3 b6 10. Bb5 Bd7 11. Bg5 a6 12. Bxc6 Bxc6 13. dxe5 dxe5 14. Qxd8 Raxd8 15. Nc4 h6 16. Nfxe5 Ba8 17. Bxf6 Bxf6 18. Ng4 Bg7 19. e5 Bd5 20. Nce3 Bc6 21. Nf6+ Bxf6 22. exf6 Rd6 23. Rad1 Rxf6 24. Ng4 Rfe6 25. Rxe6 Rxe6 26. Ne3 Re8 27. Rd4 Re7 28. a3 Kg7 29. g4 a5 1/2-1/2

[Event "Essent op"]
[Site "Hoogeveen"]
[Date "2002.10.13"]
[Round "3"]
[White "Shaposhnikov, Evgeny"]
[Black "Hort, Vlastimil"]
[Result "0-1"]
[WhiteElo "2544"]
[BlackElo "2531"]
[PlyCount "140"]
[EventDate "2002.10.11"]
[Source "ChessBase"]
[SourceDate "2002.11.06"]

1. e4 e5 2. Nf3 Nf6 3. d3 Nc6 4. c3 d5 5. Nbd2 g6 6. g3 Bg7 7. Qc2 a5 8. Bg2 O-O 9. O-O b6 10. Re1 Bb7 11. a4 Re8 12. exd5 Nxd5 13. Nc4 Qd7 14. Bd2 f6 15. Rad1 Rad8 16. Bc1 Qf7 17. h3 Nde7 18. Ne3 Nc8 19. h4 Nd6 20. Nd2 Nb8 21. Ne4 Bc8 22. Nxd6 Rxd6 23. d4 exd4 24. cxd4 Na6 25. Nd5 Rxe1+ 26. Rxe1 Bf8 27. Qc4 Nb4 28. Re7 Bxe7 29. Nxe7+ Kf8 30. Qxc7 Qxe7 31. Bh6+ Kf7 32. Qxc8 Rxd4 33. Qh8 Ke6 34. Bh3+ Kd5 35. Qg8+ Kc6 36. Qc8+ Qc7 37. Bg2+ Nd5 38. Qe6+ Qd6 39. Qc8+ Qc7 40. Qe6+ Qd6 41. Qf7 Rd1+ 42. Kh2 Rd4 43. Bf8 Qe5 44. f4 Qf5 45. Qe7 Rd2 46. Qd6+ Kb7 47. Qe7+ Kc8 48. Qe8+ Kc7 49. Ba3 Qc2 50. Qf7+ Kc8 51. Qe6+ Kb7 52. Kh1 Ka7 53. Qd7+ Nc7 54. Qh3 f5 55. h5 gxh5 56. Bf1 Qe4+ 57. Bg2 Qe1+ 58. Kh2 Qe2 59. Kg1 Qf2+ 60. Kh2 Ne6 61. g4 Nxf4 62. Qg3 Qxg2+ 63. Qxg2 Rxg2+ 64. Kh1 fxg4 65. Bd6 Rf2 66. Kg1 g3 67. Bxf4 Rxf4 68. Kg2 h4 69. b4 Rf2+ 70. Kh3 g2 0-1

[Event "Budapest HUN"]
[Site "?"]
[Date "2006.02.05"]
[Round "1"]
[White "Vajda Levente"]
[Black "Ilincic Zlatko"]
[Result "1-0"]
[WhiteElo "2526"]
[BlackElo "2545"]
[PlyCount "97"]
[EventDate "2006.??.??"]
[Source "www.chesslib.no"]
[SourceDate "2004.05.04"]

1. e4 e5 2. Nf3 Nf6 3. d3 Nc6 4. Be2 d5 5. exd5 Nxd5 6. O-O Be7 7. Re1 O-O 8. Bf1 Bf6 9. Nbd2 g6 10. Nc4 Re8 11. Bh6 Bf5 12. c3 e4 13. dxe4 Rxe4 14. Rxe4 Bxe4 15. Qe2 Qe7 16. Ncd2 Bf5 17. Qb5 Nb6 18. Re1 Qd7 19. Nb3 a6 20. Qe2 Na4 21. Nfd4 Nxd4 22. Nxd4 Bg4 23. Qe4 c5 24. Nf3 Bxf3 25. Qxf3 Bg7 26. Bg5 Qc6 27. Qxc6 bxc6 28. Bc1 Rb8 29. Re2 h5 30. Rc2 a5 31. Be2 Kh7 32. g3 Nb6 33. Bf4 Re8 34. Be3 Bf8 35. c4 Nd7 36. Rd2 Ne5 37. Kf1 Bh6 38. Bxh6 Kxh6 39. Rd6 Rb8 40. h3 Rxb2 41. f4 Rxa2 42. fxe5 a4 43. Rxc6 a3 44. Rxc5 Rb2 45. Ra5 a2 46. Kf2 Kg7 47. h4 Kf8 48. Ra7 Ke8 49. Ke3 1-0

[Event "Biel op"]
[Site "Biel"]
[Date "1995.??.??"]
[Round "8"]
[White "Smagin, Sergey"]
[Black "Golubev, Mihail"]
[Result "1/2-1/2"]
[WhiteElo "2545"]
[BlackElo "2525"]
[PlyCount "107"]
[EventDate "1995.07.??"]
[Source "ChessBase"]

1. e4 d6 2. d4 Nf6 3. Bd3 e5 4. c3 Nc6 5. Nf3 g6 6. O-O Bg7 7. h3 O-O 8. Re1 a6 9. Be3 exd4 10. cxd4 Nb4 11. Nc3 Nxd3 12. Qxd3 c6 13. Qd2 d5 14. exd5 Nxd5 15. Bh6 Nxc3 16. bxc3 Bxh6 17. Qxh6 f6 18. Re3 b6 19. Rae1 Ra7 20. Nd2 Rg7 21. Qf4 g5 22. Qe4 Qd5 23. Qb1 Qd8 24. Qb4 a5 25. Qb3+ Kh8 26. Qa3 Rfg8 27. Nc4 g4 28. h4 g3 29. fxg3 c5 30. dxc5 f5 31. Nd6 f4 32. Re8 Qf6 33. Rxc8 fxg3 34. Rxg8+ Rxg8 35. Qc1 bxc5 36. Qd2 Rf8 37. Ne4 Qxh4 38. Nxg3 Qxg3 39. c4 Qg7 40. Qe3 Rg8 41. Re2 Qd4 42. Qxd4+ cxd4 43. Rd2 Rg4 44. Rd3 Kg7 45. Kf2 Kf6 46. Kf3 h5 47. Ra3 d3 48. Rxa5 Rxc4 49. Rxh5 Ra4 50. Rd5 Ra3 51. g3 d2+ 52. Ke2 Rxa2 53. Rxd2 Rxd2+ 54. Kxd2 1/2-1/2

[Event "Vienna Open 13th"]
[Site "?"]
[Date "1998.??.??"]
[Round "?"]
[White "Maiwald Jens-Uwe"]
[Black "Baburin Alexander"]
[Result "0-1"]
[WhiteElo "2460"]
[BlackElo "2600"]
[PlyCount "93"]
[EventDate "1998.??.??"]
[Source "www.chesslib.no"]
[SourceDate "2004.05.04"]

1. e4 Nf6 2. d3 e5 3. Nf3 Nc6 4. c3 d5 5. Nbd2 g6 6. g3 a5 7. Bg2 Bg7 8. O-O O-O 9. Re1 h6 10. Qc2 a4 11. Rb1 Re8 12. b4 axb3 13. axb3 Be6 14. b4 d4 15. b5 Ra2 16. Bb2 dxc3 17. Qxc3 Nd4 18. Nxe5 Ng4 19. Qxd4 Bxe5 20. Qxd8 Rxd8 21. d4 Rxb2 22. Rxb2 Bxd4 23. Reb1 Nxf2 24. Rc2 Ng4+ 25. Kh1 Nf2+ 26. Kg1 Nxe4+ 27. Kf1 Nxd2+ 28. Rxd2 Bc4+ 29. Re2 Re8 30. Bf3 Re3 31. Bg4 h5 32. Rb4 Bxe2+ 33. Bxe2 Bb6 34. Rf4 Kg7 35. Bc4 f5 36. Bd5 Re5 37. Bxb7 Rxb5 38. Ba6 Rb1+ 39. Kg2 Rb2+ 40. Kh1 Kf6 41. Rf1 Bd4 42. Re1 Be5 43. Re2 Rb4 44. Rc2 h4 45. gxh4 Rxh4 46. Bd3 g5 47. Kg1 0-1

[Event "Cacak"]
[Site "Cacak"]
[Date "1996.??.??"]
[Round "1"]
[White "Strikovic, Aleksa"]
[Black "Marinkovic, Ivan"]
[Result "1/2-1/2"]
[WhiteElo "2550"]
[BlackElo "2505"]
[PlyCount "88"]
[EventDate "1996.11.??"]
[Source "ChessBase"]
[SourceDate "1997.04.10"]

1. e4 Nf6 2. d3 e5 3. Nf3 Nc6 4. c3 d5 5. Qc2 a5 6. a4 h6 7. Be2 g6 8. O-O Bg7 9. Na3 O-O 10. Nb5 Be6 11. Rd1 d4 12. cxd4 exd4 13. Bd2 Nd7 14. Rdc1 Ndb8 15. Bf4 Na6 16. Qd2 Kh7 17. h4 Qd7 18. h5 g5 19. Bg3 Rac8 20. Ne1 b6 21. Rxc6 Qxc6 22. Na7 Qc5 23. Nxc8 Rxc8 24. Rc1 Qe7 25. Bd1 Nc5 26. b4 axb4 27. Qxb4 Ra8 28. Nf3 Qd7 29. Qb1 f5 30. Ne5 Qe8 31. exf5 Bxf5 32. Bf3 Ra5 33. Re1 Qxa4 34. Bg4 Bxg4 35. Nxg4 Qd7 36. Qd1 Ra8 37. Be5 Rf8 38. Bxg7 Kxg7 39. Qe2 Qd5 40. g3 Nd7 41. Qe4 Qxe4 42. Rxe4 Nf6 43. Nxf6 Rxf6 44. Rxd4 c5 1/2-1/2

[Event "Sankt_Peterburg"]
[Site "?"]
[Date "1994.??.??"]
[Round "?"]
[White "Smagin, S."]
[Black "Svidler, P."]
[Result "1-0"]
[WhiteElo "2545"]
[BlackElo "2505"]
[PlyCount "119"]
[EventDate "1994.??.??"]
[Source "ChessBase"]
[SourceDate "1994.06.01"]

1. e4 d6 2. d4 Nf6 3. Bd3 Nc6 4. c3 e5 5. Nf3 g6 6. O-O Bg7 7. h3 O-O 8. Re1 h6 9. Na3 Re8 10. Nc2 d5 11. exd5 Qxd5 12. Ne3 Qd8 13. Bb5 exd4 14. Nxd4 Bd7 15. Nxc6 Bxc6 16. Bxc6 bxc6 17. Qxd8 Raxd8 18. Kf1 Nd5 19. Nd1 Rxe1+ 20. Kxe1 Rb8 21. Bd2 f5 22. Rc1 c5 23. Rc2 c4 24. Ne3 Nb6 25. Bc1 Kf7 26. Rd2 Ke6 27. Kd1 a6 28. Nc2 Nd5 29. Na3 Nb6 30. Re2+ Kf7 31. Kc2 g5 32. Nb1 Nc8 33. Be3 f4 34. Bc5 Rb5 35. Bb4 f3 36. gxf3 Rf5 37. Nd2 Bf6 38. Re4 Nb6 39. Kd1 a5 40. Ba3 Be5 41. Ke1 Ke6 42. Ke2 Rf4 43. Nf1 Nd5 44. Ne3 Nxe3 45. Rxf4 gxf4 46. fxe3 fxe3 47. Bf8 Bf4 48. a4 Kf5 49. Bc5 Ke5 50. Bxe3 h5 51. Kf2 h4 52. Ke2 Kf5 53. Bf2 Kg5 54. Bc5 Kf6 55. Kd1 Kf5 56. Bf2 Kg5 57. Ke2 Bd6 58. f4+ Bxf4 59. Kf3 Bc1 60. Be3+ 1-0

[Event "Dubai op"]
[Site "Dubai"]
[Date "2001.04.22"]
[Round "7"]
[White "Anastasian, Ashot"]
[Black "El Taher, Fouad"]
[Result "1-0"]
[WhiteElo "2574"]
[BlackElo "2476"]
[PlyCount "119"]
[EventDate "2001.04.15"]
[Source "ChessBase"]
[SourceDate "2001.07.05"]

1. d4 d6 2. e4 Nf6 3. Bd3 e5 4. c3 Nc6 5. Nf3 g6 6. O-O Bg7 7. Re1 O-O 8. Nbd2 Nh5 9. Nb3 Bg4 10. Be2 Qe7 11. h3 Bd7 12. Be3 b6 13. a4 a5 14. Nbd2 Kh8 15. Bb5 Nd8 16. Bxd7 Qxd7 17. dxe5 dxe5 18. Nc4 Qe8 19. Nfxe5 Ne6 20. Qd7 Kg8 21. Rad1 Nf6 22. Qxe8 Rfxe8 23. f3 Bf8 24. Nd3 Nd7 25. Nce5 Red8 26. Nxd7 Rxd7 27. Kf2 Rdd8 28. Ke2 Bd6 29. e5 Be7 30. Nf4 Rxd1 31. Rxd1 Nxf4+ 32. Bxf4 Re8 33. Be3 f6 34. Rd7 Bc5 35. Bxc5 bxc5 36. Rxc7 Rxe5+ 37. Kd3 h5 38. f4 Rd5+ 39. Ke3 g5 40. fxg5 Rxg5 41. Kf3 Rf5+ 42. Kg3 Rg5+ 43. Kh2 Re5 44. h4 Re4 45. Kh3 Re3+ 46. g3 Re5 47. Rb7 Re4 48. Rb5 Rxa4 49. Rxc5 Ra2 50. Rxh5 Rxb2 51. Rxa5 Kg7 52. Kg4 Re2 53. Rc5 Re1 54. Kh5 Re7 55. c4 Kf7 56. g4 Rd7 57. Rf5 Kg7 58. c5 Rd1 59. g5 fxg5 60. Kxg5 1-0

[Event "RUS-ch KO"]
[Site "Moscow"]
[Date "1999.12.16"]
[Round "1.3"]
[White "Shaposhnikov, Evgeny"]
[Black "Ionov, Sergey"]
[Result "1-0"]
[WhiteElo "2494"]
[BlackElo "2553"]
[PlyCount "89"]
[EventDate "1999.12.04"]
[Source "ChessBase"]
[SourceDate "2000.04.05"]

1. e4 e5 2. Nf3 Nc6 3. d3 Nf6 4. Be2 d6 5. Nbd2 g6 6. O-O Bg7 7. Re1 O-O 8. Nf1 h6 9. c3 Nh5 10. Ne3 Nf4 11. Bf1 f5 12. exf5 gxf5 13. g3 Ng6 14. Bg2 Kh7 15. Nd5 Nce7 16. Nxe7 Qxe7 17. d4 Qf6 18. Be3 e4 19. Nd2 d5 20. f4 Be6 21. Bf2 Nh8 22. Nf1 Nf7 23. Ne3 Nd6 24. Qe2 c6 25. Rf1 Qg6 26. h3 Rg8 27. Kh2 Bf6 28. Rg1 Rg7 29. Raf1 Rag8 30. Be1 Qf7 31. Bh1 Be7 32. Rg2 Ne8 33. g4 Bd6 34. Kg1 Bd7 35. Bh4 Nf6 36. g5 Nh5 37. Rgf2 hxg5 38. fxg5 Rxg5+ 39. Bxg5 Rxg5+ 40. Rg2 Nf4 41. Rxf4 Bxf4 42. Qf2 Bxe3 43. Qxe3 f4 44. Qe1 Rxg2+ 45. Bxg2 1-0

[Event "Noyabrsk"]
[Site "Noyabrsk"]
[Date "1995.??.??"]
[Round "9"]
[White "Zagrebelny, Sergey"]
[Black "Komliakov, Viktor"]
[Result "0-1"]
[WhiteElo "2510"]
[BlackElo "2535"]
[PlyCount "94"]
[EventDate "1995.05.??"]
[Source "ChessBase"]

1. e4 d6 2. d4 Nf6 3. Bd3 e5 4. c3 Nc6 5. Nf3 g6 6. O-O Bg7 7. Nbd2 O-O 8. Re1 Nh5 9. Nb3 Re8 10. Bg5 Nf6 11. Qd2 Bg4 12. Qe3 exd4 13. Nbxd4 Ne5 14. h3 Nxd3 15. Qxd3 Bd7 16. Rad1 h6 17. Bh4 a6 18. b4 Ba4 19. Nb3 Qe7 20. e5 dxe5 21. Rxe5 Qf8 22. Rxe8 Rxe8 23. Bg3 Ne4 24. Bxc7 Bxc3 25. Rb1 Bb5 26. Qc2 Qg7 27. a3 Qf6 28. Nc5 Nxc5 29. bxc5 Bc6 30. Rb3 Ba1 31. Qc1 Bd5 32. Rb6 Qg7 33. Bf4 g5 34. Be3 Bc6 35. Rb1 Bf6 36. Rb4 Rd8 37. h4 gxh4 38. Bxh6 Qg6 39. Qf4 Bxf3 40. Qxf3 Qxh6 41. Rxb7 Qc1+ 42. Kh2 Rd1 43. g3 hxg3+ 44. Qxg3+ Qg5 45. Qxg5+ Bxg5 46. c6 Rc1 47. Rb6 a5 0-1